| 000 | 02640cam a22005294i 4500 | ||
|---|---|---|---|
| 003 | PE-LiUPU | ||
| 005 | 20250731172952.0 | ||
| 008 | 150616s1974 ag rb 000 0 spa d | ||
| 035 | _a(Sirsi) a2145 | ||
| 040 |
_aPE-LiUPU _bspa _cPE-LiUPU _erda |
||
| 049 | _aPRUA | ||
| 082 | 0 | 4 |
_a253.5 _bB83 _221 |
| 100 | 1 |
_aBrister, C. W., _eautor. |
|
| 245 | 1 | 3 |
_aEl cuidado pastoral en la iglesia / _cC. W. Brister. |
| 264 | 1 |
_aBuenos Aires : _bCasa Bautista de Publicaciones, _c1974. |
|
| 300 |
_a266 páginas ; _c21 centímetros |
||
| 336 |
_atext _2rdacontent |
||
| 337 |
_aunmediated _2rdamedia |
||
| 338 |
_avolume _2rdacarrier |
||
| 504 | _aIncluye bibliografía. | ||
| 505 | 0 | _aEl cuidado pastoral en perspectiva teológica -- El cuidado pastoral y la naturaleza del hombre -- Preparación para el cuidado pastoral -- La acción pastoral de la iglesia -- Aspectos pastorales de la predicación y la adoración -- Las dimensiones del cuidado pastoral -- La dinámica de la conversación pastoral -- Compartiendo los momentos primarios de la vida -- Apoyando a las personas en las crisis de la vida. | |
| 526 | _aSEG42 | ||
| 526 | _aSEG41 | ||
| 526 | _aSEG40 | ||
| 526 | _aSEG39 | ||
| 526 | _aP94 | ||
| 526 | _aP87 | ||
| 526 | _aP86 | ||
| 526 | _aP85 | ||
| 526 | _aP77 | ||
| 526 | _aP76 | ||
| 526 | _aP35 | ||
| 650 | 0 | 4 |
_aTeología pastoral. _91381 |
| 910 |
_ajck _bjvq _cjck |
||
| 942 |
_2ddc _cBOOK |
||
| 949 |
_a253.5 B83 _wDEWEY _c1 _i14606 _lCCODEBUL1 _mBUL _p00.00 _r0 _sY _tBOOK _u19760602 _xTEOLOGIA _zUNKNOWN _0COMPRA _o.STAFF. Colección General |
||
| 949 |
_a253.5 B83 _wDEWEY _c2 _i21117 _lCCODEBUL1 _mBUL _p00.00 _r0 _sY _tBOOK _u2015-04-23 _xBIBLIOTECA _zUNKNOWN _0COMPRA _o.STAFF. Colección General |
||
| 949 |
_a253.5 B83 _wDEWEY _c3 _i15667 _lCCODEBUL1 _mBUL _p00.00 _r0 _sY _tBOOK _u2015-04-23 _xBIBLIOTECA _zUNKNOWN _0COMPRA _o.STAFF. Colección General |
||
| 994 |
_aC0 _bPEPRU |
||
| 596 | _a1 | ||
| 999 |
_a253.5 B83 _wDEWEY _c21913 _i14606 _d21913 _e2016-6-23 _f2021-11-12 _g4 _lCCODEBUL1 _mBUL _n1 _r0 _sY _tBOOK _u2015-6-16 _xTEOLOGIA _zUNKNOWN _0COMPRA _o.STAFF. Colección General |
||
| 999 |
_a253.5 B83 _wDEWEY _c2 _i21117 _f2021-11-12 _g5 _lCCODEBUL1 _mBUL _r0 _sY _tBOOK _u2015-4-23 _xTEOLOGIA _zUNKNOWN _0COMPRA _o.STAFF. Colección General |
||
| 999 |
_a253.5 B83 _wDEWEY _c3 _i15667 _d2017-10-3 _e2017-9-26 _f2021-11-12 _g5 _lCCODEBUL1 _mBUL _n1 _p25.00 _r0 _sY _tBOOK _u2015-4-23 _xTEOLOGIA _zUNKNOWN _0COMPRA _o.STAFF. Colección Teología |
||
| 980 |
_81 _gALBERTO SANCHEZ Responsable de Automatización |
||